Polscy złoci medaliści igrzysk olimpijskich - Statystyki

Ogólne statystyki
  • Ten quiz został rozwiązany 586 razy
  • Średni wynik to 32 z 119
Statystyki odpowiedzi
Lp. Miejsce i rok Mistrz % Poprawnych
1. Pjongczang 2018 Kamil Stoch
98%
2. Soczi 2014 Kamil Stoch
98%
5. Soczi 2014 Kamil Stoch
98%
8. Rio de Janeiro 2016 Anita Włodarczyk
89%
12. Londyn 2012 Anita Włodarczyk
89%
4. Soczi 2014 Justyna Kowalczyk
88%
6. Vancouver 2010 Justyna Kowalczyk
88%
3. Soczi 2014 Zbigniew Bródka
85%
7. Sapporo 1972 Wojciech Fortuna
83%
38 Moskwa 1980 Jan Kowalczyk
78%
18. Ateny 2004 Robert Korzeniowski
75%
20. Sydney 2000 Robert Korzeniowski
75%
21. Sydney 2000 Robert Korzeniowski
75%
26. Atlanta 1996 Robert Korzeniowski
75%
66. Tokio 1964 Irena Kirszenstein
73%
44. Montreal 1976 Irena Szewińska
73%
58. Meksyk 1968 Irena Szewińska
73%
10. Londyn 2012 Tomasz Majewski
72%
15. Pekin 2008 Tomasz Majewski
72%
17. Ateny 2004 Otylia Jędrzejczak
63%
39. Moskwa 1980 Władysław Kozakiewicz
55%
23. Sydney 2000 Kamila Skolimowska
46%
54. Monachium 1972 Kazimierz Deyna
45%
54. Monachium 1972 Grzegorz Lato
42%
28. Atlanta 1996 Renata Mauer
40%
22. Sydney 2000 Renata Mauer-Różańska
40%
56. Meksyk 1968 Jerzy Kulej
37%
64. Tokio 1964 Jerzy Kulej
37%
29. Atlanta 1996 Paweł Nastula
36%
11. Londyn 2012 Adrian Zieliński
35%
75. Amsterdam 1928 Halina Konopacka
34%
24. Sydney 2000 Szymon Ziółkowski
34%
73. Los Angeles 1932 Janusz Kusociński
33%
13. Pekin 2008 Leszek Blanik
33%
54. Monachium 1972 Włodzimierz Lubański
31%
14. Pekin 2008 Szymon Kołecki
29%
19. Ateny 2004 Robert Sycz
28%
25. Sydney 2000 Robert Sycz
28%
40. Moskwa 1980 Bronisław Malinowski
26%
54. Monachium 1972 Robert Gadocha
26%
46. Montreal 1976 Jacek Wszoła
25%
54. Monachium 1972 Jerzy Gorgoń
25%
48. Monachium 1972 Władysław Komar
25%
27. Atlanta 1996 Mateusz Kusznierewicz
24%
19. Ateny 2004 Tomasz Kucharski
24%
25. Sydney 2000 Tomasz Kucharski
24%
31. Atlanta 1996 Andrzej Wroński
22%
37. Seul 1988 Andrzej Wroński
22%
30. Atlanta 1996 Ryszard Wolny
21%
16. Pekin 2008 Adam Korol
20%
33. Barcelona 1992 Waldemar Legień
20%
36. Seul 1988 Waldemar Legień
20%
55. Meksyk 1968 Waldemar Baszanowski
19%
60. Tokio 1964 Waldemar Baszanowski
19%
45. Montreal 1976 Tadeusz Ślusarski
18%
47. Montreal 1976 Ryszard Bosek
17%
74. Los Angeles 1932 Stanisława Walasiewicz
17%
34. Barcelona 1992 Arkadiusz Skrzypaszek
16%
35. Barcelona 1992 Arkadiusz Skrzypaszek
16%
42. Montreal 1976 Janusz Pyciak-Peciak
16%
16. Pekin 2008 Marek Kolbowicz
16%
47. Montreal 1976 Tomasz Wójtowicz
16%
51. Monachium 1972 Witold Woyda
16%
53. Monachium 1972 Witold Woyda
16%
57. Meksyk 1968 Jerzy Pawłowski
15%
65. Tokio 1964 Józef Szmidt
15%
70. Rzym 1960 Józef Szmidt
15%
54. Monachium 1972 Antoni Szymanowski
13%
54. Monachium 1972 Hubert Kostka
13%
9. Rio de Janeiro 2016 Magdalena Fularczyk-Kozłowska
13%
16. Pekin 2008 Michał Jeliński
13%
32. Atlanta 1996 Włodzimierz Zawadzki
13%
9. Rio de Janeiro 2016 Natalia Madaj
12%
16. Pekin 2008 Konrad Wasielewski
11%
66. Tokio 1964 Teresa Ciepły
11%
66. Tokio 1964 Ewa Kłobukowska
10%
52. Monachium 1972 Józef Zapędzki
10%
59. Meksyk 1968 Józef Zapędzki
10%
47. Montreal 1976 Edward Skorek
9%
71. Melbourne 1956 Elżbieta Krzesińska
9%
62. Tokio 1964 Józef Grudzień
9%
67. Rzym 1960 Zdzisław Krzyszkowiak
9%
54. Monachium 1972 Lesław Ćmikiewicz
8%
72. Helsinki 1952 Zygmunt Chychła
8%
61. Tokio 1964 Egon Franke
7%
63. Tokio 1964 Marian Kasprzyk
7%
49. Monachium 1972 Zygmunt Smalcerz
7%
54. Monachium 1972 Joachim Marx
6%
54. Monachium 1972 Kazimierz Kmiecik
6%
41. Montreal 1976 Kazimierz Lipień
6%
54. Monachium 1972 Zygmunt Anczok
6%
54. Monachium 1972 Zygmunt Maszczyk
6%
68. Rzym 1960 Ireneusz Paliński
5%
50. Monachium 1972 Jan Szczepański
5%
43. Montreal 1976 Jerzy Rybicki
5%
69. Rzym 1960 Kazimierz Paździor
5%
47. Montreal 1976 Lech Łasko
5%
47. Montreal 1976 Wiesław Gawłowski
5%
54. Monachium 1972 Zbigniew Gut
5%
54. Monachium 1972 Zygfryd Szołtysik
5%
54. Monachium 1972 Andrzej Jarosik
4%
35. Barcelona 1992 Dariusz Goździak
4%
66. Tokio 1964 Halina Górecka
4%
53. Monachium 1972 Jerzy Kaczmarek
4%
35. Barcelona 1992 Maciej Czyżowicz
4%
47. Montreal 1976 Bronisław Bebel
3%
54. Monachium 1972 Jerzy Kraska
3%
53. Monachium 1972 Lech Koziejowski
3%
53. Monachium 1972 Marek Dąbrowski
3%
47. Montreal 1976 Marek Karbarz
3%
54. Monachium 1972 Marian Ostafiński
3%
54. Monachium 1972 Marian Szeja
3%
47. Montreal 1976 Mirosław Rybaczewski
3%
47. Montreal 1976 Włodzimierz Stefański
3%
47. Montreal 1976 Zbigniew Zarzycki
3%
53. Monachium 1972 Arkadiusz Godel
2%
54. Monachium 1972 Ryszard Szymczak
2%
47. Montreal 1976 Włodzimierz Sadalski
2%
47. Montreal 1976 Zbigniew Lubiejewski
2%
Nie znaleziono quizów pasujących do podanych kryteriów
Rozkład punktacji
Procent ludzi z każdym wynikiem
Percentyl według liczby udzielonych odpowiedzi
Twoja historia wyników
Nie rozwiązałeś tego quizu